000 00786nam a2200217Ia 4500
001 3229
003 GE_BSU
008 181216s||||||||xx |||||||||||||| ||und||
040 _cGE_BSU
080 _a517.2(076.1)
100 _aБараненков,Г.С. Демидович,Б.П. Ефименко,В.А. и др.
245 _aЗадачи и упражнения по математическому анализу для втузов.
245 _cПод ред. Б.П.Демидовича.
250 _aИзд 4-ое, исправленное.
260 _aМ.
260 _bФизматгиз.
260 _c1963.
300 _a472стр.с илл.21см.
653 _aЗадачи и упражнения по математическому анализу.
942 _cBK
999 _c37270
_d37270